Statistics for Members of Block B (Kpop)

Click here to take the quiz!

General Stats

  • This quiz has been taken 179 times
  • The average score is 6 of 7

Answer Stats

Answer% Correct
Zico
98%
P.O.
85%
Taeil
82%
B-Bomb
79%
U-Kwon
72%
Kyung
71%
Jaehyo
63%

Score Distribution

Percentile by Number Answered

Percent of People with Each Score

Your Score History

You have not taken this quiz